Report of the Committee on the Age of Majority

Guardado en:  
Detalles Bibliográficos
Autores Corporativos: Grossbritannien (Otro) ; Lord High Chancellor (Otro)
Tipo de documento: Print Libro
Lenguaje:Inglés
Publicado: London Stat. Off. 1967
En:Año: 1967
Availability in Albert-Krebs Library:WK.00.001
1996-657
Verificar disponibilidad: HBZ Gateway
Servicio de pedido Subito: Pedir ahora.
Palabras clave:

MARC

LEADER 00000cam a22000002c 4500
001 514751851
003 DE-627
005 20221109102115.0
007 tu
008 060719s1967 xx ||||| 00| ||eng c
035 |a (DE-627)514751851 
035 |a (DE-576)951475185X 
035 |a (DE-599)GBV514751851 
035 |a (OCoLC)255829315 
040 |a DE-627  |b ger  |c DE-627  |e rakwb 
041 |a eng 
084 |a 2,1  |2 ssgn 
245 0 0 |a Report of the Committee on the Age of Majority  |c chairman: Latey. Pres. to Parl. by the Lord High Chancellor 
264 1 |a London  |b Stat. Off.  |c 1967 
300 |a 207 S  |c 8° 
336 |a Text  |b txt  |2 rdacontent 
337 |a ohne Hilfsmittel zu benutzen  |b n  |2 rdamedia 
338 |a Band  |b nc  |2 rdacarrier 
490 0 |a Cmnd.  |v 3342 
650 0 7 |0 (DE-588)4063901-0  |0 (DE-627)106125931  |0 (DE-576)209150971  |a Volljährigkeit  |2 gnd 
651 7 |0 (DE-588)4022153-2  |0 (DE-627)104665513  |0 (DE-576)208942076  |a Großbritannien  |2 gnd 
710 2 |a Grossbritannien  |b Committee on the Age of Majority  |4 oth 
710 2 |a Lord High Chancellor  |4 oth 
889 |w (DE-627)1818599805 
935 |a mkri 
935 |i ZBWRetro 
951 |a BO 
ELC |b 1 
LOK |0 000 xxxxxcx a22 zn 4500 
LOK |0 001 4196216110 
LOK |0 003 DE-627 
LOK |0 004 514751851 
LOK |0 005 20221028204323 
LOK |0 008 221011||||||||||||||||ger||||||| 
LOK |0 035   |a (DE-2619)k00726 
LOK |0 040   |a DE-2619  |c DE-627  |d DE-2619 
LOK |0 092   |o n 
LOK |0 541   |e Bestand Albert-Krebs-Bibliothek: 1996-657 
LOK |0 852   |a DE-2619 
LOK |0 852 1  |c WK.00.001  |m p  |9 00 
LOK |0 935   |a kreb 
LOK |0 938   |k p 
LOK |0 939   |a 11-10-22  |b l01 
ORI |a SA-MARC-krimdoka001.raw